Cálculo y geometria analitica / (Registro nro. 20832)

Detalles MARC
000 -LEADER
fixed length control field 01262nam a2200325 4500
001 - CONTROL NUMBER
control field 0000014800
003 - CONTROL NUMBER IDENTIFIER
control field CO-CtgCURN
005 - DATE AND TIME OF LATEST TRANSACTION
control field 20250331184732.0
007 - PHYSICAL DESCRIPTION FIXED FIELD--GENERAL INFORMATION
fixed length control field ta
008 - FIXED-LENGTH DATA ELEMENTS--GENERAL INFORMATION
fixed length control field 160627s1995 000 0 eng d
020 ## - INTERNATIONAL STANDARD BOOK NUMBER
International Standard Book Number 8448117689
040 ## - CATALOGING SOURCE
Original cataloging agency CO-CtgCURN
Language of cataloging spa
Transcribing agency coctgcurn
082 0# - DEWEY DECIMAL CLASSIFICATION NUMBER
Classification number 517
Item number L329c
100 1# - MAIN ENTRY--PERSONAL NAME
Personal name Larson, Roland E.
245 10 - TITLE STATEMENT
Title Cálculo y geometria analitica /
Statement of responsibility, etc. Roland E. Larson , Robert P. Hostetler, Bruce H. Edwards , traducción Lorenza Abellanas Rapun.
250 ## - EDITION STATEMENT
Edition statement 5a ed.
260 ## - PUBLICATION, DISTRIBUTION, ETC.
Place of publication, distribution, etc. Madrid :
Name of publisher, distributor, etc. McGraw Hill-Interamericana,
Date of publication, distribution, etc. 1995.
300 ## - PHYSICAL DESCRIPTION
Extent 770 p.
336 ## - CONTENT TYPE
Source rdacontent
337 ## - MEDIA TYPE
Source rdamedia
Media type term sin mediacion
Media type code n
338 ## - CARRIER TYPE
Source rdacarrier
Carrier type term volumen
Carrier type code nc
500 ## - GENERAL NOTE
General note Incluye indice.
505 8# - FORMATTED CONTENTS NOTE
Formatted contents note Plano cartesiano.--Derivada.--Funciones logaritmicas.--Funciones trigonometricas.--Series infinitas.--Funciones hiperbolicas.--Integrales impropias.--Tecnicas de integracion.--Funciones exponenciales.--Integracion
650 14 - SUBJECT ADDED ENTRY--TOPICAL TERM
Topical term or geographic name entry element Cálculo integral
Form subdivision Problemas, ejercicios, etc.
700 1# - ADDED ENTRY--PERSONAL NAME
Personal name Hostetler, Robert P.
908 ## - PUT COMMAND PARAMETER (RLIN)
Put command parameter 160627
942 ## - ADDED ENTRY ELEMENTS (KOHA)
Koha item type Libros
Classification part 517
Item part L329c
Source of classification or shelving scheme Dewey Decimal Classification
Existencias
Withdrawn status Lost status Source of classification or shelving scheme Damaged status Not for loan Collection Home library Current library Shelving location Date acquired Inventory number Total checkouts Full call number Barcode Date last seen Copy number Price effective from Koha item type Public note
    Dewey Decimal Classification     General Miguel Henríquez Castañeda Miguel Henríquez Castañeda General 03/31/2025 007301   517 L329c 007301 03/31/2025 ej.1 03/31/2025 Libros 510-MATEMA
    Dewey Decimal Classification     General Miguel Henríquez Castañeda Miguel Henríquez Castañeda General 03/31/2025 007302   517 L329c 007302 03/31/2025 ej.2 03/31/2025 Libros 510-MATEMA